000 00870cam a2200265 a 4500
001 000005475
005 20210409114020.0
008 941222s1994 sp a b 000 e spa c
020 _a8437610508
040 _aDO-SdBNP
_bspa
_cBNPHU
082 _a864.62
_bG216i, 1994
100 _aGarcía Lorca, Federico,
_d1898-1936
_914727
245 1 0 _aImpresiones y paisajes /
_cFederico García Lorca ; edición de Rafael Lozano Miralles.
250 _a2a ed.
260 _aMadrid :
_bCátedra,
_c1994.
300 _a301 p. :
_bil. ;
_c18 cm.
490 1 _aLetras hispánicas
_v379
504 _aIncluye referencias bibliográficas (p. 51-52)
650 4 _aEnsayos españoles
_93095
650 4 _aLiteratura española
_9632
700 1 _aLozano Miralles, Rafael,
_eed.
_915546
830 0 _aLetras hispánicas ;
_v379
_94208
910 _aCatalogación derivada
910 _aWM
999 _c5274
_d5274